[Event "Ruhrgebiet VK2 0304"]
[Site "Ruhrgebiet"]
[Date "2004.01.11"]
[Round "5.7"]
[White "Stratmann, Martin"]
[Black "Luecking, Joerg"]
[Result "1/2-1/2"]
[WhiteElo "1684"]
[BlackElo "1744"]
[PlyCount "36"]
[EventDate "2003.09.28"]
[EventType "team"]
[EventRounds "9"]
[EventCountry "GER"]
[SourceTitle "EXT 2007"]
[Source "ChessBase"]
[SourceDate "2006.11.23"]
[SourceVersion "1"]
[SourceVersionDate "2006.11.23"]
[SourceQuality "1"]
[WhiteTeam "Erkenschwick II"]
[BlackTeam "Ruettenscheid Rochade"]
[WhiteTeamCountry "GER"]
[BlackTeamCountry "GER"]

1. d4 Nf6 2. Nf3 e6 3. g3 b6 4. Bg2 Bb7 5. 0-0 Be7 6. Nc3 0-0 7. Bf4 d6 8. Qd3 Ba6 9. Qd2 Bb7 10. Nh4 Bxg2 11. Nxg2 Nbd7 12. Rad1 Re8 13. Rfe1 Rc8 14. e4 e5 15. dxe5 dxe5 16. Be3 Nc5 17. Qe2 Ncd7 18. Nh4 c6 1/2-1/2

[Event "Ruhrgebiet VK2 0304"]
[Site "Ruhrgebiet"]
[Date "2003.12.07"]
[Round "4.7"]
[White "Gross, Thomas"]
[Black "Stratmann, Martin"]
[Result "1-0"]
[WhiteElo "1906"]
[BlackElo "1684"]
[PlyCount "79"]
[EventDate "2003.09.28"]
[EventType "team"]
[EventRounds "9"]
[EventCountry "GER"]
[SourceTitle "EXT 2007"]
[Source "ChessBase"]
[SourceDate "2006.11.23"]
[SourceVersion "1"]
[SourceVersionDate "2006.11.23"]
[SourceQuality "1"]
[WhiteTeam "Muelheim Nord III"]
[BlackTeam "Erkenschwick II"]
[WhiteTeamCountry "GER"]
[BlackTeamCountry "GER"]

1. d4 d5 2. Nf3 Nc6 3. Bf4 Nf6 4. e3 g6 5. c4 Bg7 6. Nc3 a6 7. Rc1 e6 8. Bd3 0-0 9. 0-0 b6 10. cxd5 exd5 11. Bg5 Qd6 12. e4 Nxe4 13. Nxe4 dxe4 14. Bxe4 Bb7 15. Re1 Rfe8 16. g3 Rac8 17. Bf4 Qd7 18. Ne5 Nxe5 19. Bxb7 Rb8 20. Bg2 Ng4 21. Rxe8+ Rxe8 22. Bc6 Qxd4 23. Qxd4 Bxd4 24. Bxe8 Bxf2+ 25. Kg2 Bc5 26. h3 Nf6 27. Bc6 Kf8 28. Bxc7 Ng8 29. Bd8 Nh6 30. g4 Kg7 31. g5 Ng8 32. Rf1 Bd4 33. Bd5 f5 34. gxf6+ Nxf6 35. Bxf6+ Bxf6 36. b3 Bd4 37. Rf7+ Kh6 38. Kf3 a5 39. Rd7 Bc5 40. Bg8 1-0